000 00529nam a22001937a 4500
003 MPLRDC
005 20220104154202.0
008 210129b ||||| |||| 00| 0 eng d
020 _a957-803-194-7
082 _a857.621 ZC v.4 c.2
100 _a张草
245 _a云空行, 第四册, 不能杀的人
_c
250 _a初版
260 _a台湾
_b平装本出版有限公司
_c1998
300 _b
490 _a平装本丛书; 第33种, 长草X物语. 4
650 _a科幻小说
942 _cBK
_o857.621 ZC v.4 c.2
999 _c53846
_d53836